[Event "Politicen Cup"]
[Site "Copenhagen"]
[Date "1991.??.??"]
[Round "?"]
[White "Sorensen, Jan"]
[Black "Johansson, Lars Erik"]
[Result "1/2-1/2"]
[WhiteElo "2415"]
[BlackElo "2280"]

1.e4 c5 2.Nf3 e6 3.d4 cxd4 4.Nxd4 a6 5.Nc3 Qc7 6.Be2 Nc6 7.O-O Nf6 8.Kh1 d6
9.Be3 Be7 10.f4 O-O 11.Qe1 Bd7 12.Qg3 Nxd4 13.Bxd4 Bc6 14.Rae1 b5 15.a3 Qb7
16.Bd3 b4 17.axb4 Qxb4 18.Ne2 Qb7 19.e5 dxe5 20.Bxe5 Be4 21.Bxe4 Qxe4 22.Nd4 Qg6
23.f5 Qxg3 24.Bxg3 Bc5 25.Nb3 Bb6 26.fxe6 fxe6 27.Rxe6 Ne4 28.Rf3 Nxg3+ 29.hxg3 Rab8
30.Rxf8+ Kxf8 31.Nd2 Bc7 32.b3 a5 33.Kh2 Rb5 34.Kh3 Rc5 35.c4 Kf7 36.Ra6 h6
37.Ra7 Ke6 38.Ne4 Rc6 39.Kg4 Ke5 40.Kf3 Kd4 41.g4 Kd3 42.c5 Kd4 43.Rb7 Kd3
44.b4 axb4 45.Rxb4 Re6 46.Rb3+ Kd4 47.Rb1 Ra6 48.Rd1+ Ke5 49.Nc3 Ra3 50.Rd3 Ke6
51.Re3+ Be5 52.Nd5 Rxe3+ 53.Nxe3 Bd4 54.c6 Bxe3 55.Kxe3 Kd6 56.Ke4 Kxc6 57.Kf5 Kd5
58.g3 Kd4 59.Kg6 Ke4 60.Kxg7 Kf3 61.Kxh6 Kxg4  1/2-1/2

[Event "Cordoba op"]
[Site "Cordoba"]
[Date "1991.??.??"]
[Round "?"]
[White "Tejero, Jorge"]
[Black "Piza Cortizo, Daniel"]
[Result "1-0"]
[WhiteElo "2295"]
[BlackElo "2325"]

1.e4 c5 2.Nf3 e6 3.Nc3 a6 4.d4 cxd4 5.Nxd4 Qc7 6.Bd3 Nc6 7.Be3 Nf6 8.O-O Ne5
9.Be2 Nc4 10.Bxc4 Qxc4 11.e5 Nd5 12.Nxd5 Qxd5 13.f4 b5 14.Qe2 Bb7 15.Rad1 Bc5
16.Nf5 Bxe3+ 17.Nxe3 Qxa2 18.Qd2 d5 19.Ra1 Qxb2 20.Rfb1 Qxa1 21.Rxa1 O-O
22.f5 Kh8 23.Rf1 Rad8 24.Qd4  1-0

[Event "DEN-ch"]
[Site "DEN"]
[Date "1991.??.??"]
[Round "6"]
[White "Brinck Claussen, Bjorn"]
[Black "Kristiansen, Jens"]
[Result "1/2-1/2"]
[WhiteElo "2415"]
[BlackElo "2415"]

1.e4 c5 2.Nf3 e6 3.d4 cxd4 4.Nxd4 a6 5.Nc3 d6 6.g3 Nc6 7.Bg2 Bd7 8.O-O Nf6
9.b3 Be7 10.Bb2 O-O 11.Re1 Rc8 12.h3 Qc7 13.a4 b6 14.Rc1 Nxd4 15.Qxd4 Bc6
16.Na2 Rfd8 17.c4 Ne8 18.Qe3 Bf6 19.Bxf6 Nxf6 20.Nb4 Bb7 21.Nd3 e5 22.h4 a5
23.Rcd1 Rb8 24.Rd2 Nd7 25.Red1 Nc5 26.Nxc5 dxc5 27.Rxd8+ Rxd8 28.Rxd8+ Qxd8
29.f3 Qd4 30.Kf2 Bc8 31.f4 f6 32.Bf3 g6 33.fxe5 fxe5 34.Ke2 Bb7 35.h5 Qxe3+
36.Kxe3 gxh5 37.Bxh5 Bc8 38.Be2 Kg7 39.g4 Kf6 40.Kf2 Kg5 41.Kg3 Be6 42.Bd1 Bf7
43.Be2 Bg6 44.Bd3 h5 45.Bc2 Be8 46.Bd1 Bc6 47.Bc2 h4+ 48.Kh3 Bd7 49.Bd1 Be6
50.Be2 Kf4 51.Kxh4 Ke3 52.Bf1 Kxe4 53.g5 Bf7 54.Be2 Kf4 55.Bh5 Bg8 56.Bd1 e4
57.g6 e3 58.Kh3 Be6+ 59.Kg2 Ke4 60.Bc2+ Kd4 61.Bd1 Kd3 62.Kf3 Kd2 63.Be2 Bf5
64.g7 Bh7 65.Bf1  1/2-1/2

[Event "Telecom op"]
[Site "Dublin"]
[Date "1991.??.??"]
[Round "?"]
[White "Connolly, Suzanne"]
[Black "Motwani, Paul"]
[Result "0-1"]
[WhiteElo "2035"]
[BlackElo "2425"]

1.e4 c5 2.Nf3 e6 3.d4 cxd4 4.Nxd4 a6 5.Nc3 Qc7 6.Bd3 Nc6 7.Nxc6 dxc6 8.O-O Nf6
9.f4 e5 10.Kh1 Bc5 11.f5 h5 12.Qf3 b5 13.Be3 Qa7 14.Rae1 Bb7 15.Nd1 Bxe3
16.Nxe3 Qd4 17.Qg3 Rh7 18.Nd1 O-O-O 19.Rf3 c5 20.c3 Qd6 21.b3 h4 22.Qf2 c4
23.Bc2 Qd2 24.Qxd2 Rxd2 25.Rf2 Rd7 26.Rfe2 cxb3 27.axb3 Rh8 28.Nf2 Rhd8 29.Kg1 Rc7
30.Re3 Rd2 31.Bd1 Rcd7 32.Kf1 Kc7 33.Bf3 a5 34.Ng4 Nxg4 35.Bxg4 f6 36.R1e2 a4
37.bxa4 bxa4 38.Re1 a3 39.Be2 Rb2 40.Ra1 a2 41.Kf2 Rdd2  0-1

[Event "Festuge op"]
[Site "Festuge"]
[Date "1991.??.??"]
[Round "?"]
[White "Almasi, Zoltan"]
[Black "Fogarasi, Tibor"]
[Result "1/2-1/2"]
[WhiteElo "2340"]
[BlackElo "2410"]

1.e4 c5 2.Nf3 e6 3.d4 cxd4 4.Nxd4 a6 5.Nc3 Qc7 6.g3 Nf6 7.Bg2 Be7 8.O-O O-O
9.Re1 d6 10.f4 Bd7 11.e5 dxe5 12.fxe5 Ne8 13.Qg4 Nc6 14.Nf3 f5 15.exf6 Nxf6
16.Qc4 b5 17.Qe2 e5 18.Bg5 Bc5+ 19.Kh1 Rae8 20.Bxf6 gxf6 21.Nd5 Qd6 22.Nh4 Nd4
23.Qd2 Bc6 24.Ne3 Bxg2+  1/2-1/2

[Event "GER-ch U17"]
[Site "GER"]
[Date "1991.??.??"]
[Round "?"]
[White "Schmaltz, Roland"]
[Black "Reiter, M."]
[Result "1-0"]
[WhiteElo "2280"]
[BlackElo "2315"]

1.e4 c5 2.Nf3 e6 3.d4 cxd4 4.Nxd4 a6 5.Nc3 Qc7 6.Bd3 Nc6 7.Nde2 b5 8.a3 Bc5
9.O-O Nf6 10.Bf4 Qb6 11.b4 Be7 12.Ng3 d6 13.Kh1 O-O 14.Bd2 Bb7 15.f4 Rac8
16.Qe1 Rfd8 17.Rb1 Nd7 18.a4 bxa4 19.Nxa4 Qc7 20.Be3 d5 21.exd5 exd5 22.Nf5 Bf6
23.Qg3 d4 24.Bd2 Kh8 25.Qh3 Nf8 26.Nc5 Ne7 27.Nxe7 Bxe7 28.Nxb7 Qxb7 29.b5 axb5
30.Rxb5 Qd7 31.Qh5 Bf6 32.Ba5 Re8 33.Rb3 Qa7 34.Bb6 Qe7 35.Bxh7 Nxh7 36.Rh3 Qe4
37.f5 Kg8 38.Qxh7+ Kf8 39.Ba5 Qb7  1-0

[Event "Guildford"]
[Site "Guildford"]
[Date "1991.??.??"]
[Round "?"]
[White "Sievers, Stefan"]
[Black "Fogarasi, Tibor"]
[Result "1/2-1/2"]
[WhiteElo "2340"]
[BlackElo "2420"]

1.e4 c5 2.Nf3 e6 3.d4 cxd4 4.Nxd4 a6 5.Nc3 d6 6.Be3 Nf6 7.Be2 Be7 8.f4 O-O
9.Qd2 b5 10.Bf3 Nfd7 11.e5 d5 12.O-O Nb6 13.b3 Qc7 14.Nd1 N8d7 15.Nf2 Bb7
16.c3 Rac8 17.Rac1 Nc5 18.Ng4 Nbd7 19.Kh1 Rfd8 20.Rfe1 g6 21.Red1 Ne4 22.Bxe4 dxe4
23.c4 b4 24.Nf2 Nc5 25.Qc2 f5  1/2-1/2

[Event "Gyor-J"]
[Site "Gyor"]
[Date "1991.??.??"]
[Round "?"]
[White "Lorenz, Robin"]
[Black "Simon, Laszlo"]
[Result "1-0"]
[WhiteElo "2235"]
[BlackElo "2210"]

1.e4 c5 2.Nf3 e6 3.d4 cxd4 4.Nxd4 a6 5.Nc3 Nc6 6.Be3 Nge7 7.Be2 Nxd4 8.Qxd4 Nc6
9.Qd2 b5 10.O-O Be7 11.f4 d6 12.a4 b4 13.Na2 Qa5 14.Nc1 O-O 15.Nb3 Qc7 16.a5 Bd7
17.Bb6 Qb7 18.Rad1 Be8 19.Rf3 Rc8 20.Rh3 Nb8 21.Bd3 e5 22.f5 Bc6 23.Qe2 Bg5
24.Rf1 Bb5 25.f6 gxf6 26.Qh5 Rfe8 27.Qxh7+ Kf8 28.Rg3 Bxd3 29.cxd3 Bf4 30.Rg7 Qd7
31.Qg8+  1-0

[Event "Hajduszoboszlo zt (Women)"]
[Site "Hajduszoboszlo"]
[Date "1991.??.??"]
[Round "5"]
[White "Pilarska, Czeslawa"]
[Black "Porubszky Angyalosine, Maria A"]
[Result "0-1"]
[WhiteElo "2205"]
[BlackElo "2185"]

1.e4 c5 2.Nf3 e6 3.d4 cxd4 4.Nxd4 a6 5.Nc3 Qc7 6.Bd3 Nf6 7.O-O Nc6 8.Nxc6 bxc6
9.f4 d5 10.e5 Nd7 11.Na4 Bb7 12.c4 g6 13.Be3 Be7 14.c5 a5 15.Qe2 O-O 16.Rac1 Rfe8
17.Bd4 Bf8 18.Rf3 Bg7 19.Rh3 f5 20.exf6 Qxf4 21.Be3 Qxf6 22.Rxh7 Ne5 23.Bb1 Ba6
24.Rxg7+ Qxg7 25.Qd2 Nc4 26.Qe1 Nxe3 27.Qxe3 Ra7 28.Qd2 Rf7 29.Qxa5 Qd4+
30.Kh1 Ref8 31.Qxa6 Qxa4 32.Qd3 Qe4 33.Qa6 Qe3 34.Rg1 Qxc5 35.Bxg6 Rf6 36.Bb1 Qd4
37.Qe2 e5 38.h3 Qf4 39.Qh5 Rh6 40.Qe2 e4 41.b4 Qg3 42.Rf1 Rhf6 43.Rg1 Kg7
44.Qb2 Qf2 45.Qe5 Qf4 46.Qd4 Re8 47.b5 e3 48.Qd3 e2 49.bxc6 Qh4  0-1

[Event "Hamburg HSK"]
[Site "Hamburg"]
[Date "1991.??.??"]
[Round "2"]
[White "Horvath, Tamas"]
[Black "Chuchelov, Vladimir"]
[Result "1/2-1/2"]
[WhiteElo "2415"]
[BlackElo "2435"]

1.e4 c5 2.Nf3 e6 3.d4 cxd4 4.Nxd4 a6 5.Nc3 Qc7 6.g3 Nf6 7.Bg2 d6 8.O-O Be7
9.Re1 O-O 10.Be3 Nc6 11.a4 Bd7 12.Nxc6 Bxc6 13.a5 Nd7 14.Na4 Rae8 15.Nb6 f5
16.Nxd7 Qxd7 17.Qd3 fxe4 18.Bxe4 Bxe4 19.Qxe4 d5 20.Qg4 Bf6 21.Bd4 Qc6 22.Bxf6 Rxf6
23.c3 e5 24.Qb4 Ref8 25.Re2 Qd7 26.Rd1 Qf7 27.Rdd2 Rf5 28.Qc5 e4 29.Qd4 Rc8
30.c4 dxc4 31.Rxe4 Rxa5 32.Qd8+ Rxd8 33.Rxd8+ Qf8 34.Rxf8+ Kxf8 35.Rxc4 Rb5
36.b4 Ke7 37.Kf1 Kd6 38.Ke2 Re5+ 39.Kd2 a5 40.bxa5 Rxa5 41.Rh4 h5 42.g4 Ra4
43.Rxh5 Rxg4 44.Ke3 Kc6 45.f4 b5 46.h3 Rg6 47.Kd4 Rd6+ 48.Kc3  1/2-1/2

[Event "Hannover"]
[Site "Hannover"]
[Date "1991.??.??"]
[Round "1"]
[White "Tischbierek, Raj"]
[Black "Bischoff, Klaus"]
[Result "0-1"]
[WhiteElo "2500"]
[BlackElo "2495"]

1.e4 c5 2.Nf3 e6 3.d4 cxd4 4.Nxd4 a6 5.Nc3 Qc7 6.Bd3 Nf6 7.O-O Bc5 8.Nb3 Be7
9.f4 d6 10.Qf3 Nbd7 11.a4 b6 12.Bd2 Bb7 13.Rae1 O-O 14.Qh3 Rad8 15.g4 d5
16.exd5 Bc5+ 17.Be3 exd5 18.g5 Ne4 19.Nxc5 Ndxc5 20.Bd4 Rfe8 21.Re3 Bc8 22.f5 Qd6
23.Qh4 Nxd3 24.Rh3 Bxf5 25.Rxf5 Qg6 26.Rhf3 Ndc5 27.Kh1 Ne6 28.Bxb6 Rc8 29.Nxd5 N6xg5
30.Rf1 Rxc2 31.Qf4 h6 32.Rg1 Qc6 33.Re5 Rxe5 34.Qxe5 Nf6 35.Rd1 Rd2 36.Rxd2 Qc1+
37.Kg2 Qxd2+ 38.Kg1 Qxd5 39.Qb8+ Kh7 40.Be3 Qf3  0-1

[Event "Hartberg op"]
[Site "Hartberg"]
[Date "1991.??.??"]
[Round "4"]
[White "Mitkov, Nikola"]
[Black "Kawaciukova, Zuzana"]
[Result "1-0"]
[WhiteElo "2370"]
[BlackElo "2135"]

1.e4 c5 2.Nc3 e6 3.Nf3 a6 4.d4 cxd4 5.Nxd4 Qc7 6.Bd3 d6 7.O-O Nf6 8.Qe1 Be7
9.Kh1 O-O 10.f4 Nbd7 11.Qg3 b5 12.a3 Bb7 13.Bd2 Nc5 14.Rae1 Rad8 15.b4 Nxd3
16.cxd3 g6 17.Rc1 Qd7 18.f5 Kg7 19.Qh3 e5 20.Bh6+ Kg8 21.Bxf8 exd4 22.Bxe7 Qxe7
23.Ne2 d5 24.e5 Qxe5 25.Rce1 Bc8 26.Qh4 Rf8 27.Nxd4  1-0

[Event "Hastings Challengers9192"]
[Site "Hastings"]
[Date "1991.??.??"]
[Round "?"]
[White "Emms, John M"]
[Black "Gurevich, Ilya"]
[Result "0-1"]
[WhiteElo "2425"]
[BlackElo "2495"]

1.e4 c5 2.Nf3 e6 3.d4 cxd4 4.Nxd4 a6 5.Nc3 Qc7 6.Bd3 b5 7.O-O Nf6 8.Bg5 Be7
9.Qe2 d6 10.Kh1 Bb7 11.a3 Nbd7 12.f4 O-O 13.Rae1 Rad8 14.e5 dxe5 15.fxe5 Qxe5
16.Bxh7+ Nxh7 17.Bxe7 Qxd4 18.Bxd8 Rxd8 19.Rxf7 Ng5 20.Rff1 Nf6 21.Rd1 Qb6
22.Rxd8+ Qxd8 23.Qe5 Ng4 24.Qf4 Nh6 25.Rd1 Qe7 26.Qd6 Qxd6 27.Rxd6 Nh3 28.Rb6 Ng4
29.Nd1 Bd5 30.Rxa6 Nf4 31.Kg1 Bxg2 32.Nf2 Ne3 33.Nd3 Nh3+  0-1

[Event "Hastings Challengers9192"]
[Site "Hastings"]
[Date "1991.??.??"]
[Round "?"]
[White "Lentze, Ingo"]
[Black "Motwani, Paul"]
[Result "0-1"]
[WhiteElo "2250"]
[BlackElo "2440"]

1.e4 c5 2.Nf3 e6 3.d4 cxd4 4.Nxd4 a6 5.Nc3 Qc7 6.Be2 b5 7.O-O Bb7 8.Bf3 Nc6
9.a4 b4 10.Nxc6 dxc6 11.Nb1 a5 12.Be3 Nf6 13.Nd2 Nd7 14.Nc4 Ba6 15.Be2 Rd8
16.Qe1 Bc5 17.Rd1 Bxc4 18.Bxc4 Qe5 19.b3 O-O 20.Qd2 Bxe3 21.Qxe3 Nf6 22.f3 c5
23.Rd3 Rd4 24.Re1 Rfd8 25.g3 Kf8 26.Kg2 Ke7 27.Red1 g5 28.Re1 g4 29.Qf4 Qxf4
30.gxf4 Rxd3 31.cxd3 Nh5 32.Re3 Rg8 33.f5 g3 34.hxg3 Nxg3 35.fxe6 Nf5+ 36.Kf2 Nxe3
37.exf7 Nd1+ 38.Ke1 Rg1+ 39.Kd2 Nc3 40.f4 Rg2+ 41.Ke3 Rg3+ 42.Kf2 Rg7  0-1

[Event "Helsingborg-A"]
[Site "Helsingborg"]
[Date "1991.??.??"]
[Round "?"]
[White "Fridh, Anton"]
[Black "Lind, Jan Olov"]
[Result "0-1"]
[WhiteElo "2235"]
[BlackElo "2295"]

1.e4 c5 2.Nf3 e6 3.d4 cxd4 4.Nxd4 a6 5.Nc3 b5 6.Bd3 Bb7 7.O-O Ne7 8.Be3 Nec6
9.Nb3 d6 10.f4 Nd7 11.f5 e5 12.Nd5 Ne7 13.Bg5 Bxd5 14.exd5 Qb6+ 15.Kh1 Ng8
16.a4 b4 17.Nd2 Ngf6 18.a5 Qb7 19.Nc4 Be7 20.Bxf6 Nxf6 21.Nb6 Rb8 22.Ra4 Qa7
23.Rxb4 O-O 24.Qd2 Rfe8 25.Qc3 Bf8 26.Qc4 e4 27.Qxa6 Rb7 28.Qxa7 Rxa7 29.Bb5 Rb8
30.Ra4 Nxd5 31.Rxe4 Rxa5 32.Nxd5 Raxb5 33.c4 Rxb2 34.f6 Rf2 35.Kg1 Rxf1+
36.Kxf1 gxf6 37.Nxf6+ Kg7 38.Nd5 f5 39.Nc7  0-1

[Event "Helsingborg-A"]
[Site "Helsingborg"]
[Date "1991.??.??"]
[Round "?"]
[White "Sanden, Stefan"]
[Black "Astrom, Goran"]
[Result "1/2-1/2"]
[WhiteElo "2285"]
[BlackElo "2325"]

1.e4 c5 2.Nf3 e6 3.d4 cxd4 4.Nxd4 a6 5.Nc3 Qc7 6.Bd3 Nc6 7.Nxc6 bxc6 8.O-O d5
9.exd5 cxd5 10.Re1 Bb7 11.Qf3 Nf6 12.Bf4 Bd6 13.Bb5+ Bc6 14.Bxc6+ Qxc6 15.Bg5 Be7
16.Bxf6 gxf6 17.Ne2 Qxc2 18.Nd4 Qxb2 19.Rad1 Rc8 20.Nxe6 fxe6 21.Rxe6 Kf8
22.Rde1 Rc7 23.Qf4 Qc3 24.Qh6+ Kf7 25.Qh5+ Kf8 26.Qh6+  1/2-1/2

[Event "Helsingborg-A"]
[Site "Helsingborg"]
[Date "1991.??.??"]
[Round "?"]
[White "Sanden, Stefan"]
[Black "Lind, Jan Olov"]
[Result "1-0"]
[WhiteElo "2285"]
[BlackElo "2295"]

1.e4 c5 2.Nf3 e6 3.d4 cxd4 4.Nxd4 a6 5.Nc3 Qc7 6.Bd3 Nf6 7.O-O Bd6 8.Kh1 Nc6
9.Nde2 Be7 10.f4 d6 11.a4 O-O 12.Ng3 b6 13.Nh5 Bb7 14.Nxf6+ Bxf6 15.Qh5 g6
16.Qh3 Bxc3 17.bxc3 f5 18.exf5 gxf5 19.c4 Rf6 20.Bb2 Rg6 21.Rf3 Nb4 22.Rg3 Qf7
23.Re1 Re8 24.Rxg6+ Qxg6 25.Re3 Nxd3 26.cxd3 e5 27.Rg3 Re6 28.Qxf5 exf4 29.Qxe6+  1-0

[Event "Helsingborg-A"]
[Site "Helsingborg"]
[Date "1991.??.??"]
[Round "?"]
[White "Fridh, Anton"]
[Black "Ekelund, Peter"]
[Result "1-0"]
[WhiteElo "2235"]
[BlackElo "2310"]

1.e4 c5 2.Nf3 e6 3.d4 cxd4 4.Nxd4 a6 5.Nc3 Qc7 6.a3 Nc6 7.Be3 Nf6 8.Be2 b5
9.O-O Bb7 10.Nxc6 Bxc6 11.Bd3 Be7 12.f4 d5 13.e5 Nd7 14.Ne2 O-O 15.Nd4 g6
16.Qf3 Nc5 17.f5 exf5 18.Nxf5 Nxd3 19.Nxe7+ Qxe7 20.cxd3 Qxe5 21.Bh6 Qxb2
22.Rab1 Qd4+ 23.Kh1 Bd7 24.Rb4 Qe5 25.Rf4 f5 26.Bxf8 Rxf8 27.d4 Qd6 28.h4 Re8
29.Rc1 Re4 30.Rxe4 dxe4 31.Qe3 Be6 32.Rc5 Bd5 33.Qh6 Bb7 34.Rxf5 Qxa3 35.Re5 Bc6
36.Kh2 Qd6 37.Qf4 Kg7 38.h5 Qf6 39.h6+ Kf7 40.Qg3  1-0

[Event "Herning"]
[Site "Herning"]
[Date "1991.??.??"]
[Round "?"]
[White "Watson, William N"]
[Black "Mortensen, Erling"]
[Result "1-0"]
[WhiteElo "2525"]
[BlackElo "2450"]

1.e4 c5 2.Nf3 e6 3.d4 cxd4 4.Nxd4 a6 5.Nc3 b5 6.Bd3 Bb7 7.O-O Ne7 8.Bg5 f6
9.Be3 Nec6 10.Nb3 Ne5 11.f4 Nxd3 12.cxd3 Be7 13.Qh5+ g6 14.Qh6 Kf7 15.Nc5 Bxc5
16.Bxc5 d6 17.Be3 Qf8 18.Qh3 Nd7 19.Rae1 Rc8 20.f5 gxf5 21.Bh6 Qe8 22.Nd5 Rg8
23.Qh5+ Rg6 24.exf5 Bxd5 25.Bf4 e5 26.fxg6+ hxg6 27.Qh7+ Ke6 28.Be3 f5 29.Rc1 Rxc1
30.Rxc1 Nf6 31.Qg7 f4 32.Bf2 Bxa2 33.Rc7 Nd5 34.Ra7 Bb1 35.d4 e4 36.Rxa6 e3
37.Qe5+ Kd7 38.Qxd6+  1-0

[Event "HUN-chT"]
[Site "HUN"]
[Date "1991.??.??"]
[Round "?"]
[White "Izsak, Gyula"]
[Black "Gyimesi, Zoltan"]
[Result "1/2-1/2"]
[WhiteElo "2285"]
[BlackElo "2240"]

1.e4 c5 2.Nf3 e6 3.d4 cxd4 4.Nxd4 a6 5.Nc3 Qc7 6.g3 Bb4 7.Ne2 Nf6 8.Bg2 Be7
9.O-O O-O 10.Be3 Nc6 11.h3 b5 12.f4 Bb7 13.g4 d5 14.exd5 Rad8 15.g5 Nxd5
16.Nxd5 exd5 17.Nd4 Rfe8 18.Nxc6 Bxc6 19.Bd4 b4 20.Qd2 Bb5 21.Rf2 a5 22.Re1 Bc5
23.Rxe8+ Bxe8 24.c3  1/2-1/2

[Event "HUN-ch (Women)"]
[Site "HUN"]
[Date "1991.??.??"]
[Round "?"]
[White "Medvegy, Nora"]
[Black "Porubszky Angyalosine, Maria A"]
[Result "0-1"]
[WhiteElo "2185"]
[BlackElo "2185"]

1.e4 c5 2.Nf3 e6 3.d4 cxd4 4.Nxd4 a6 5.Nc3 Qc7 6.a3 b5 7.Be3 Bb7 8.Bd3 Nf6
9.f3 Be7 10.O-O O-O 11.Kh1 Nc6 12.Nce2 Ne5 13.Bf4 d6 14.Bg3 Rfd8 15.Nf4 Nc4
16.Bxc4 Qxc4 17.Bf2 Rac8 18.Rc1 Qc7 19.Nd3 Nd7 20.Qe2 Bf6 21.Rfe1 Nc5 22.Be3 Na4
23.Bf2 g6 24.Rcd1 e5 25.Nb3 d5 26.Nbc5 dxe4 27.Nxe4 Bg7 28.Bh4 Re8 29.Nf6+ Bxf6
30.Bxf6 e4 31.fxe4 Rxe4 32.Qd2 Qc6 33.Rf1 Rg4 34.Ne1 Qc4 35.Nf3 Qf4 36.Qxf4 Rxf4
37.Nd4 Rxf1+ 38.Rxf1 Nxb2 39.Re1 Nc4 40.Re7 Bd5 41.Ne2 Nxa3 42.Nc3 Bc6 43.Ra7 Nxc2
44.Kg1 b4 45.Ne2 b3 46.Nf4 Nb4 47.Kf2 g5 48.Nh5 b2  0-1

[Event "HUN-chT"]
[Site "HUN"]
[Date "1991.??.??"]
[Round "?"]
[White "Gyimesi, Zoltan"]
[Black "Szekeres, Tibor"]
[Result "1-0"]
[WhiteElo "2240"]
[BlackElo "2220"]

1.e4 c5 2.Nf3 e6 3.d4 cxd4 4.Nxd4 a6 5.Nc3 Qc7 6.g4 Bb4 7.Bd2 Nc6 8.Nde2 Ne5
9.Ng3 Ne7 10.f4 Nc4 11.Bxc4 Qxc4 12.Qe2 Qc7 13.e5 d5 14.O-O-O Bd7 15.Kb1 Nc6
16.Qf2 b5 17.Rhe1 Rc8 18.Nh5 O-O 19.Qh4 Bc5 20.Qg5 g6 21.Qf6 gxh5 22.gxh5  1-0

[Event "HUN-chT"]
[Site "HUN"]
[Date "1991.??.??"]
[Round "?"]
[White "Waldmann, Ivan"]
[Black "Pogats, Jozsef"]
[Result "1/2-1/2"]
[WhiteElo "2310"]
[BlackElo "2305"]

1.e4 c5 2.Nf3 e6 3.d4 cxd4 4.Nxd4 a6 5.Nc3 d6 6.Bd3 Nf6 7.O-O Be7 8.Kh1 Bd7
9.f4 Nc6 10.Nxc6 Bxc6 11.e5 dxe5 12.fxe5 Nd7 13.Qg4 g6 14.Bf4  1/2-1/2

[Event "HUN-chT"]
[Site "HUN"]
[Date "1991.??.??"]
[Round "?"]
[White "Dobos, Jozsef"]
[Black "Erdelyi, Tamas"]
[Result "1-0"]
[WhiteElo "2385"]
[BlackElo "2320"]

1.e4 c5 2.Nf3 e6 3.d4 cxd4 4.Nxd4 a6 5.Nc3 Qc7 6.Bd3 Bc5 7.Nb3 Be7 8.Qe2 b5
9.Bd2 d6 10.O-O Nf6 11.a4 b4 12.Na2 a5 13.c3 bxc3 14.Nxc3 Nc6 15.Nb5 Qb6
16.Rfc1 Bd7 17.Be3 Qb7 18.e5 dxe5 19.Nc5 Qb8 20.Nxd7 Kxd7 21.Rxc6 Kxc6 22.Rc1+ Kd7
23.Nc7 Bd6 24.Bb5+ Ke7 25.Nxa8 Qxa8 26.Bc5 Qd5 27.Bxd6+ Qxd6 28.Rc6 Qb8 29.Qc4 Nd5
30.Qc5+ Kf6 31.Qxd5  1-0

[Event "Jurmala"]
[Site "Jurmala"]
[Date "1991.??.??"]
[Round "?"]
[White "Belikov, Vladimir"]
[Black "Landa, Konstantin"]
[Result "1/2-1/2"]
[WhiteElo "2415"]
[BlackElo "2460"]

1.e4 c5 2.Nf3 e6 3.Nc3 a6 4.d4 cxd4 5.Nxd4 Qc7 6.f4 Nc6 7.Nxc6 Qxc6 8.Be2 b5
9.Bf3 Bb7 10.Be3 Qc4 11.Qd3 Rc8 12.O-O Bb4 13.Bd4 Nf6 14.a4 O-O 15.axb5 axb5
16.Ra7 Bc6 17.e5 Qxd3 18.cxd3 Bxc3 19.bxc3 Nd5 20.g3 Ra8 21.c4 bxc4 22.dxc4 Ne7
23.Be2  1/2-1/2

[Event "Katowice op"]
[Site "Katowice"]
[Date "1991.??.??"]
[Round "3"]
[White "Shur, Mikhail"]
[Black "Ionov, Sergey"]
[Result "0-1"]
[WhiteElo "2345"]
[BlackElo "2515"]

1.e4 c5 2.Nf3 e6 3.Nc3 a6 4.d4 cxd4 5.Nxd4 Qc7 6.Be2 Nf6 7.O-O Be7 8.f4 d6
9.a4 Nc6 10.Kh1 O-O 11.Be3 Rd8 12.Bd3 Bd7 13.Qf3 Rac8 14.Qg3 Nxd4 15.Bxd4 Bc6
16.a5 Rf8 17.e5 Ne8 18.Ne4 Bxe4 19.Bxe4 f5 20.exf6 Bxf6 21.Bb6 Qf7 22.c4 g6
23.Qb3 Kh8 24.Rad1 Bg7 25.Qf3 Rxc4 26.Bxb7 Rb4 27.Bxa6 Rxb2 28.h3 Nc7 29.Bb7 Nb5
30.a6 d5 31.Rb1 Nd4 32.Qd3 Rxb1 33.Rxb1 Qxf4 34.a7 Nf5 35.a8=Q Rxa8 36.Bxa8 Be5
37.g3 Nxg3+ 38.Kg2 Ne4 39.Bg1 Qg5+ 40.Kf1 Nd2+ 41.Ke2 Qg2+ 42.Bf2 Nxb1 43.Qxb1 Qxh3
44.Qb6 Qg4+ 45.Kf1 Qf5 46.Kg2 Kg7 47.Bc6 h5 48.Qd8 Qg4+ 49.Kf1 Qc4+ 50.Kg2 Qxc6
51.Qe7+ Kg8 52.Qg5 d4+ 53.Kg1 Qe4  0-1

[Event "Kecskemet"]
[Site "Kecskemet"]
[Date "1991.??.??"]
[Round "1"]
[White "Siklosi, Zoltan"]
[Black "Golikov, Anatolij"]
[Result "1-0"]
[WhiteElo "2365"]
[BlackElo "2415"]

1.e4 c5 2.Nf3 e6 3.Nc3 a6 4.d4 cxd4 5.Nxd4 Qc7 6.Be2 Nc6 7.O-O Nf6 8.Be3 b5
9.Nxc6 dxc6 10.f4 Bb7 11.e5 Rd8 12.Qe1 Nd5 13.Nxd5 cxd5 14.c3 Bc5 15.Bd4 Bxd4+
16.cxd4 Qc2 17.f5 exf5 18.e6 Qe4 19.exf7+ Kxf7 20.Qf2 g6 21.Rae1 Qe8 22.g4 Rf8
23.Bd3 Qd7 24.Qh4 h5 25.Bxf5 Qd6 26.Re6 Qxe6 27.Bxe6+ Kxe6 28.Re1+ Kd7 29.Qe7+ Kc8
30.Rc1+ Kb8 31.Rc7  1-0

[Event "Kecskemet op"]
[Site "Kecskemet"]
[Date "1991.??.??"]
[Round "6"]
[White "Soos, Arpad"]
[Black "Izsak, Gyula"]
[Result "1-0"]
[WhiteElo "2295"]
[BlackElo "2295"]

1.e4 c5 2.Nf3 e6 3.d4 cxd4 4.Nxd4 a6 5.Nc3 Qc7 6.Bd3 Nf6 7.O-O Be7 8.Be3 O-O
9.f4 d6 10.Qf3 Nc6 11.h3 e5 12.fxe5 Nxd4 13.Bxd4 dxe5 14.Qg3 Bc5 15.Bxc5 Qxc5+
16.Kh1 Kh8 17.Qh4 Qe7 18.Rf3 b5 19.Raf1 Bb7 20.Rxf6 Rae8 21.R1f5 Kg8 22.Qg3 Kh8
23.Rb6 Qc7 24.Qf2 f6 25.a4 bxa4 26.Nxa4 Bc8 27.Rf3 f5 28.Qc5 Qd8 29.Nc3 f4
30.Nd5 Qh4 31.Nc7 Re7 32.Rb8 Rg8 33.Bc4 Rd7 34.Qxe5 Rd1+ 35.Bf1 Rf8 36.Ne6 Qe7
37.Nxf8  1-0

[Event "Kecskemet"]
[Site "Kecskemet"]
[Date "1991.??.??"]
[Round "7"]
[White "Siklosi, Zoltan"]
[Black "Stajcic, Nikola"]
[Result "1-0"]
[WhiteElo "2365"]
[BlackElo "2345"]

1.e4 c5 2.Nf3 e6 3.Nc3 a6 4.d4 cxd4 5.Nxd4 Qc7 6.Be2 Nf6 7.O-O d6 8.f4 Be7
9.a4 Nc6 10.Be3 O-O 11.Kh1 Bd7 12.Qe1 Rac8 13.Qg3 Nxd4 14.Bxd4 Bc6 15.Bd3 g6
16.f5 e5 17.Be3 Kh8 18.Qh4 gxf5 19.Bg5 Ng8 20.Rxf5 Bxg5 21.Rxg5 f6 22.Rg3 Qf7
23.Rf1 Rc7 24.b3 b5 25.axb5 axb5 26.Bxb5 Bxb5 27.Nxb5 Rxc2 28.Nxd6 Qc7 29.Nc4 Rxc4
30.bxc4 Qxc4 31.Rd1 Ne7 32.Qh6 Qf7 33.Rd7 Re8 34.h3 f5 35.Qd6 Nc8 36.Qc7  1-0

[Event "JUG-ch"]
[Site "Kladovo"]
[Date "1991.??.??"]
[Round "2"]
[White "Stefanovski, Dusko"]
[Black "Sulava, Nenad"]
[Result "1/2-1/2"]
[WhiteElo "2300"]
[BlackElo "2405"]

1.e4 c5 2.Nf3 e6 3.d4 cxd4 4.Nxd4 a6 5.Nc3 Qc7 6.Be2 b5 7.O-O Bb7 8.Bf3 Nc6
9.Nxc6 dxc6 10.a4 Bd6 11.g3 Be5 12.Qe2 Nf6 13.Bg2 O-O 14.Be3 Nd7 15.f4 Bxc3
16.bxc3 Nb6 17.axb5 cxb5 18.Bd4 Nc4 19.Qg4 e5 20.fxe5 Nxe5 21.Qg5 f6 22.Qf4 Rae8
23.Rf2 Rf7 24.Re1 Rfe7 25.h4 Bc6 26.h5 h6 27.Bh3 Nf7 28.Bf5 Ng5 29.Bc5 Re5
30.Bd4 R5e7 31.Bc5 Re5 32.Bd4 R5e7 33.Bc5  1/2-1/2

[Event "JUG-ch"]
[Site "Kladovo"]
[Date "1991.??.??"]
[Round "5"]
[White "Trkaljanov, Vladimir"]
[Black "Kovacevic, Slobodan"]
[Result "0-1"]
[WhiteElo "2290"]
[BlackElo "2370"]

1.e4 c5 2.Nf3 e6 3.d4 cxd4 4.Nxd4 a6 5.Nc3 Qc7 6.Bd3 Nf6 7.O-O d6 8.Be3 Nbd7
9.f4 b5 10.a3 Bb7 11.Qf3 Be7 12.Qg3 g6 13.Nf3 Nc5 14.Bd4 O-O 15.Ng5 Nh5 16.Qg4 e5
17.fxe5 dxe5 18.Be3 Rad8 19.Rad1 Nf4 20.Bxf4 exf4 21.Nh3 Ne6 22.Nxf4 Nxf4
23.Qxf4 Bd6 24.Qh4 Be7 25.Qg4 Bxa3 26.bxa3 Qxc3 27.Ra1 Rde8 28.Kh1 Qd4 29.Rad1 Qc5
30.a4 bxa4 31.Ra1 Bc6 32.Bxa6 Rxe4 33.Qg3 h5 34.Bd3 Rg4 35.Qf2 Bxg2+ 36.Qxg2 Rxg2
37.Kxg2 a3 38.Rf4 Qe5 39.Raf1 f5 40.Ra4 Qb2 41.Ra7 Re8 42.Rd1 Kh8 43.Ra6 Kg7
44.Ra7+ Kf6 45.Ra6+ Re6 46.Ra4 Rd6 47.Rf1 Kg5 48.h4+ Kh6 49.Kh3 a2 50.Ra7 Qd4
51.Rxa2 Qg4+ 52.Kh2 Qxh4+ 53.Kg2 Qg5+ 54.Kf2 Qd2+ 55.Be2 Re6  0-1

[Event "Kobanya op"]
[Site "Kobanya"]
[Date "1991.??.??"]
[Round "1"]
[White "Feher, Gyula"]
[Black "Sziebert, Adam"]
[Result "1-0"]
[WhiteElo "2375"]
[BlackElo "2215"]

1.e4 c5 2.Nf3 e6 3.Nc3 a6 4.d4 cxd4 5.Nxd4 Qc7 6.Be2 Nf6 7.O-O Be7 8.f4 d6
9.Bf3 O-O 10.Kh1 Rd8 11.Qe2 e5 12.Nf5 Bxf5 13.exf5 Nc6 14.Nd5 Nxd5 15.Bxd5 Bf6
16.c3 Ne7 17.Bb3 d5 18.g4 Nc6 19.g5 Be7 20.f6 gxf6 21.gxf6 Bxf6 22.Bxd5 Kh8
23.Be4 Rg8 24.Qh5 Rg7 25.Qf5 Bh4 26.fxe5 Nxe5 27.Bh6 Rg6 28.Bf4 Bf6 29.Rae1 Qc5
30.Qh5 Rg7 31.Bg3 Nd3 32.Qxc5 Nxc5 33.Rxf6 Re8 34.Bd5  1-0

[Event "Krumbach op"]
[Site "Krumbach"]
[Date "1991.??.??"]
[Round "7"]
[White "Brendel, Oliver"]
[Black "Dragomarezkij, Evgeni"]
[Result "1/2-1/2"]
[WhiteElo "2325"]
[BlackElo "2455"]

1.e4 c5 2.Nf3 e6 3.d4 cxd4 4.Nxd4 a6 5.Nc3 Qc7 6.Be2 Nf6 7.O-O Be7 8.f4 d6
9.Be3 Nbd7 10.Bf3 g6 11.g4 e5 12.g5 exd4 13.gxf6 Nxf6 14.Qxd4 Be6 15.a4 O-O
16.f5 Bc4 17.Rf2 Nd7 18.Be2 Rfc8 19.fxg6 hxg6 20.Bg4 Bh4 21.Rg2 Ne5 22.Nd5 Bxd5
23.Qxd5 Re8 24.Rd1 Bf6 25.b3 Qc3 26.Bd4 Nf3+ 27.Bxf3 Bxd4+ 28.Qxd4 Qxf3 29.Qxd6 Qxe4
30.c4 Qe3+ 31.Rf2 Re4 32.Qg3 Qxg3+ 33.hxg3 Re3 34.Rb2 Rxg3+ 35.Kf2 Rh3 36.Kg2 Rh5
37.Rd7 b5 38.Rf2 Rf8 39.cxb5 axb5 40.a5 Rg5+ 41.Kf1 Rg3 42.a6 Rxb3 43.Ra2 b4
44.a7 Ra3 45.Rxa3 bxa3 46.Rd3 Ra8 47.Rxa3 Kf8 48.Ke2 Ke7 49.Ke3 Kd6 50.Kf4 Kc6
51.Kg5 Kb6 52.Rb3+ Ka6 53.Ra3+ Kb7 54.Rb3+ Kxa7 55.Kf6  1/2-1/2